000 00711nab a22002297a 4500
001 09345
003 HDC
007 cr bn ---aaaaa
008 210128c20120630my ||||| |||| 00| 00eng d
040 _aHDC
245 0 _aEmbedding business community foodprints
336 _atext
_2rdacontent
337 _acomputer
_2rdamedia
338 _aonline resource
_2rdacarrier
650 _aBank and banking
_97656
650 _aEntrepreneurship
_9209
710 _aMalaysia SME
856 _zRequest full-text at [email protected]
942 _2lcc
942 _cNEWS
942 _kNWSC 003982
999 _c6668
_d6668